[Event "FIDE World Cup"]
[Site "Tromsoe"]
[Date "2013.08.11"]
[Round "1.1"]
[White "Lou, Yiping"]
[Black "Kamsky, Gata"]
[Result "1/2-1/2"]
[WhiteElo "2484"]
[BlackElo "2741"]
[PlyCount "81"]
[EventDate "2013.08.11"]
[EventType "k.o."]
[EventRounds "7"]
[EventCountry "NOR"]
[SourceTitle "CBM 156"]
[Source "ChessBase"]
[SourceDate "2013.09.17"]
[SourceVersion "1"]
[SourceVersionDate "2013.09.17"]
[SourceQuality "1"]

1. d4 d5 2. c4 c6 3. Nf3 Nf6 4. Nc3 a6 5. e3 g6 6. Bd3 Bg7 7. O-O O-O 8. Qb3
dxc4 9. Bxc4 b5 10. Be2 Bf5 11. Ng5 h6 12. e4 Bg4 13. Bxg4 hxg5 14. Be2 Qxd4
15. Bxg5 Nxe4 16. Nxe4 Qxe4 17. Rae1 e6 18. Bf3 Qf5 19. h4 Nd7 20. Qd1 Ne5 21.
Be4 Qg4 22. Qxg4 Nxg4 23. Bxc6 Rac8 24. Bf3 Ne5 25. Be4 a5 26. b3 Nc6 27. Bxc6
Rxc6 28. Rc1 Bc3 29. Rc2 b4 30. Bf6 Re8 31. Bxc3 Rec8 32. Rd1 Rxc3 33. Rcd2 Kg7
34. g3 R8c5 35. Kg2 g5 36. hxg5 Rxg5 37. Rd7 Rc2 38. R1d2 Rgc5 39. Kf3 Kf6 40.
Ke2 Rc1 41. Ra7 1/2-1/2

[Event "FIDE World Cup"]
[Site "Tromsoe"]
[Date "2013.08.12"]
[Round "1.2"]
[White "Kamsky, Gata"]
[Black "Lou, Yiping"]
[Result "1/2-1/2"]
[WhiteElo "2741"]
[BlackElo "2484"]
[PlyCount "123"]
[EventDate "2013.08.11"]
[EventType "k.o."]
[EventRounds "7"]
[EventCountry "NOR"]
[SourceTitle "CBM 156"]
[Source "ChessBase"]
[SourceDate "2013.09.17"]
[SourceVersion "1"]
[SourceVersionDate "2013.09.17"]
[SourceQuality "1"]

1. e4 e6 2. d4 d5 3. Nd2 c5 4. exd5 Qxd5 5. Ngf3 cxd4 6. Bc4 Qd6 7. O-O Nf6 8.
Nb3 Nc6 9. Nbxd4 Nxd4 10. Nxd4 a6 11. Re1 Qc7 12. Qe2 Bd6 13. Bg5 O-O 14. Bxf6
gxf6 15. Bd3 f5 16. Qh5 Be5 17. c3 Kh8 18. Nf3 Bg7 19. g4 Qf4 20. gxf5 h6 21.
Re4 Qxf5 22. Qxf5 exf5 23. Rf4 Re8 24. Bxf5 Re2 25. Re1 Rxe1+ 26. Nxe1 Bxf5 27.
Rxf5 Rd8 28. Rxf7 Rd1 29. Kf1 Rb1 30. c4 b6 31. Re7 Rxb2 32. Re2 Rb1 33. Kg2
Rc1 34. Nc2 Bf8 35. Kf3 Rh1 36. Re6 Rxh2 37. Kg3 Rh5 38. Rxb6 Ra5 39. Nd4 Bc5
40. Rxh6+ Kg7 41. Rh5 Ra3+ 42. Nb3 Bd6+ 43. f4 Rxa2 44. Nd4 Kg6 45. Rd5 Be7 46.
Kg4 Ra4 47. Nc6 Bf6 48. Rd6 Kg7 49. Rd7+ Kg6 50. c5 Rc4 51. Rd6 Kf7 52. Rd5 Ke6
53. Rh5 Bc3 54. Nd8+ Ke7 55. Rd5 Kf6 56. Nb7 Bd4 57. c6 Be3 58. Rf5+ Kg6 59.
Nd8 Bb6 60. Nf7 Bd4 61. Nd8 Bf6 62. Rd5 1/2-1/2

[Event "FIDE World Cup"]
[Site "Tromsoe"]
[Date "2013.08.14"]
[Round "2.1"]
[White "Kamsky, Gata"]
[Black "Shimanov, Aleksandr"]
[Result "1-0"]
[WhiteElo "2741"]
[BlackElo "2655"]
[PlyCount "105"]
[EventDate "2013.08.11"]
[EventType "k.o."]
[EventRounds "7"]
[EventCountry "NOR"]
[SourceTitle "CBM 156"]
[Source "ChessBase"]
[SourceDate "2013.09.17"]
[SourceVersion "1"]
[SourceVersionDate "2013.09.17"]
[SourceQuality "1"]

1. e4 e6 2. d4 d5 3. Nc3 Nf6 4. e5 Nfd7 5. f4 c5 6. Nf3 Nc6 7. Be3 cxd4 8. Nxd4
Qb6 9. Qd2 Qxb2 10. Rb1 Qa3 11. Bb5 Nxd4 12. Bxd4 a6 13. Bxd7+ Bxd7 14. Rb3 Qe7
15. Rxb7 Qh4+ 16. Bf2 Qd8 17. Bb6 Qc8 18. Rc7 Qd8 19. Qd4 Ba3 20. Nb1 Be7 21.
c4 Rc8 22. Rb7 Bb4+ 23. Kf2 Qxb6 24. Rxb6 Bc5 25. Rd1 Bxd4+ 26. Rxd4 dxc4 27.
Nc3 Rc7 28. Rxa6 Ke7 29. Rb6 Ra8 30. Ke3 Ra3 31. Kd2 Ra5 32. g3 f6 33. exf6+
gxf6 34. Kc1 h5 35. Kb2 h4 36. g4 h3 37. Re4 f5 38. gxf5 Rxf5 39. a4 Rc6 40.
Rb7 Rd6 41. Rxc4 e5 42. fxe5 Rd2+ 43. Ka3 Rxe5 44. Ne4 Rxh2 45. Rd4 Ke6 46.
Rd6+ Kf5 47. Ng3+ Kf4 48. Nf1 Rf2 49. Rdxd7 h2 50. Rh7 Rf3+ 51. Kb4 Re4+ 52.
Ka5 Ra3 53. Rb4 1-0

[Event "FIDE World Cup"]
[Site "Tromsoe"]
[Date "2013.08.16"]
[Round "2.3"]
[White "Shimanov, Aleksandr"]
[Black "Kamsky, Gata"]
[Result "0-1"]
[WhiteElo "2655"]
[BlackElo "2741"]
[PlyCount "146"]
[EventDate "2013.08.11"]
[EventType "k.o."]
[EventRounds "7"]
[EventCountry "NOR"]
[SourceTitle "CBM 156"]
[Source "ChessBase"]
[SourceDate "2013.09.17"]
[SourceVersion "1"]
[SourceVersionDate "2013.09.17"]
[SourceQuality "1"]

1. e4 e5 2. Nf3 Nc6 3. d4 exd4 4. Nxd4 Bc5 5. Nb3 Bb6 6. Nc3 Nge7 7. Bg5 h6 8.
Bh4 d6 9. Qd2 Be6 10. Nd5 Bxd5 11. exd5 Ne5 12. f4 N5g6 13. Bb5+ Kf8 14. Bf2
Bxf2+ 15. Qxf2 Nxd5 16. g3 c6 17. Bc4 Qe7+ 18. Kd2 Nb6 19. Bd3 Qf6 20. c3 Ne5
21. Be2 Nec4+ 22. Kc2 g6 23. a4 Re8 24. Bxc4 Nxc4 25. Rae1 Kg7 26. Qxa7 b6 27.
Qd7 Ne3+ 28. Kd2 Nc4+ 29. Kc1 Ra8 30. Nd4 Rxa4 31. Qxc6 Rha8 32. Kc2 b5 33.
Qxb5 Qd8 34. Qb7 Kg8 35. b3 Ra2+ 36. Kd3 Nb2+ 37. Ke3 Rc8 38. c4 Rb8 39. Qd5
Ra5 40. Qg2 Qe7+ 41. Qe4 Nxc4+ 42. bxc4 Ra3+ 43. Kf2 Rb2+ 44. Nc2 Qxe4 45. Rxe4
Rxc2+ 46. Re2 Rxc4 47. Rd1 Rc6 48. Red2 Raa6 49. Rb1 Kg7 50. Rb7 h5 51. Re2 Rc5
52. Rd7 Rf5 53. Rd2 Rf6 54. Rd3 Ra2+ 55. Kf3 Ra6 56. Re3 g5 57. Rd3 g4+ 58. Ke4
Re6+ 59. Kd5 Ra5+ 60. Kc6 Ra2 61. R7xd6 Rxd6+ 62. Kxd6 Rxh2 63. Ke5 Ra2 64. Kf5
Ra5+ 65. Ke4 Kg6 66. Ke3 Kf5 67. Rb3 f6 68. Rc3 Ra2 69. Rc5+ Kg6 70. Rc3 Rg2
71. Kd4 h4 72. gxh4 Kf5 73. Kd5 Rd2+ 0-1

[Event "FIDE World Cup"]
[Site "Tromsoe"]
[Date "2013.08.16"]
[Round "2.4"]
[White "Kamsky, Gata"]
[Black "Shimanov, Aleksandr"]
[Result "1-0"]
[WhiteElo "2741"]
[BlackElo "2655"]
[PlyCount "75"]
[EventDate "2013.08.11"]
[EventType "k.o."]
[EventRounds "7"]
[EventCountry "NOR"]
[SourceTitle "CBM 156"]
[Source "ChessBase"]
[SourceDate "2013.09.17"]
[SourceVersion "1"]
[SourceVersionDate "2013.09.17"]
[SourceQuality "1"]

1. d4 g6 2. e4 Bg7 3. c3 d6 4. Nf3 Nd7 5. h3 a6 6. Bd3 e6 7. O-O Ne7 8. Re1 O-O
9. Nbd2 b6 10. Nf1 Bb7 11. Ng3 h6 12. Be3 f5 13. exf5 exf5 14. Bd2 Nf6 15. Nh4
Nfd5 16. c4 f4 17. Ne4 g5 18. Nxg5 hxg5 19. Qh5 Nf6 20. Qxg5 d5 21. Bxf4 Ne4
22. Bxe4 dxe4 23. d5 b5 24. Qg3 bxc4 25. Be5 Rf7 26. Rxe4 Bxd5 27. Rg4 Qf8 28.
Re1 Re8 29. Bxg7 Rxg7 30. Re5 Rxg4 31. Qxg4+ Kf7 32. Qf4+ Kg8 33. Rg5+ Kh7 34.
Rh5+ Kg8 35. Rg5+ Kh7 36. Nf5 Ng6 37. Qxc7+ Qf7 38. Rh5+ 1-0

[Event "FIDE World Cup"]
[Site "Tromsoe"]
[Date "2013.08.17"]
[Round "3.1"]
[White "Hammer, Jon Ludvig"]
[Black "Kamsky, Gata"]
[Result "0-1"]
[WhiteElo "2605"]
[BlackElo "2741"]
[PlyCount "80"]
[EventDate "2013.08.11"]
[EventType "k.o."]
[EventRounds "7"]
[EventCountry "NOR"]
[SourceTitle "CBM 156"]
[Source "ChessBase"]
[SourceDate "2013.09.17"]
[SourceVersion "1"]
[SourceVersionDate "2013.09.17"]
[SourceQuality "1"]

1. d4 f5 2. g3 Nf6 3. Bg2 g6 4. Nf3 Bg7 5. O-O O-O 6. c4 d6 7. Nc3 c6 8. Rb1 a5
9. Re1 Kh8 10. e4 fxe4 11. Nxe4 Bf5 12. Nh4 Nxe4 13. Rxe4 Bxe4 14. Bxe4 Qd7 15.
Bg5 Qe6 16. Qd3 Na6 17. Bxg6 Nb4 18. Qd2 hxg6 19. a3 Kh7 20. axb4 Qxc4 21. Rc1
Qd5 22. Bxe7 Rf7 23. Qc2 Rxe7 24. Nxg6 Re4 25. Ne7 Qe6 26. Re1 d5 27. f3 Qxe7
28. fxe4 Qxb4 29. exd5+ Kg8 30. Re4 cxd5 31. Rh4 Bxd4+ 32. Kh1 Qe1+ 33. Kg2
Qg1+ 34. Kh3 Qf1+ 35. Kg4 Qf7 36. Kh3 Bf6 37. Rf4 Qh5+ 38. Kg2 Re8 39. Rf3 Kg7
40. h4 Qe5 0-1

[Event "FIDE World Cup"]
[Site "Tromsoe"]
[Date "2013.08.18"]
[Round "3.2"]
[White "Kamsky, Gata"]
[Black "Hammer, Jon Ludvig"]
[Result "1/2-1/2"]
[WhiteElo "2741"]
[BlackElo "2605"]
[PlyCount "51"]
[EventDate "2013.08.11"]
[EventType "k.o."]
[EventRounds "7"]
[EventCountry "NOR"]
[SourceTitle "CBM 156"]
[Source "ChessBase"]
[SourceDate "2013.09.17"]
[SourceVersion "1"]
[SourceVersionDate "2013.09.17"]
[SourceQuality "1"]

1. e4 e5 2. Nf3 Nc6 3. Nc3 Nf6 4. d4 exd4 5. Nxd4 Bb4 6. Nxc6 bxc6 7. Bd3 O-O
8. O-O d5 9. exd5 cxd5 10. Qf3 Rb8 11. h3 d4 12. Ne4 Nxe4 13. Bxe4 Re8 14. c3
dxc3 15. bxc3 Bxc3 16. Bxh7+ Kxh7 17. Qxc3 Rb6 18. Bf4 Bb7 19. Rfd1 Qh4 20. Bg3
Qe4 21. Qd3 Rg6 22. Qxe4 Bxe4 23. Rd7 f5 24. Re1 f4 25. Rd4 fxg3 26. Rexe4
1/2-1/2

[Event "FIDE World Cup"]
[Site "Tromsoe"]
[Date "2013.08.23"]
[Round "5.1"]
[White "Tomashevsky, Evgeny"]
[Black "Kamsky, Gata"]
[Result "1/2-1/2"]
[WhiteElo "2706"]
[BlackElo "2741"]
[PlyCount "31"]
[EventDate "2013.08.11"]
[EventType "k.o."]
[EventRounds "7"]
[EventCountry "NOR"]
[SourceTitle "CBM 156"]
[Source "ChessBase"]
[SourceDate "2013.09.17"]
[SourceVersion "1"]
[SourceVersionDate "2013.09.17"]
[SourceQuality "1"]

1. d4 d5 2. c4 c6 3. Nf3 Nf6 4. Nc3 a6 5. e3 Bf5 6. Bd3 Bxd3 7. Qxd3 e6 8. O-O
Be7 9. e4 dxe4 10. Nxe4 O-O 11. Rd1 Nbd7 12. b3 Qc7 13. Bb2 Rad8 14. Nxf6+ Bxf6
15. Qe2 c5 16. dxc5 1/2-1/2

[Event "FIDE World Cup"]
[Site "Tromsoe"]
[Date "2013.08.24"]
[Round "5.2"]
[White "Kamsky, Gata"]
[Black "Tomashevsky, Evgeny"]
[Result "0-1"]
[WhiteElo "2741"]
[BlackElo "2706"]
[Annotator "Ramirez Alvarez,A"]
[PlyCount "80"]
[EventDate "2013.08.11"]
[EventType "k.o."]
[EventRounds "7"]
[EventCountry "NOR"]
[SourceTitle "CBM 156"]
[Source "ChessBase"]
[SourceDate "2013.09.17"]
[SourceVersion "1"]
[SourceVersionDate "2013.09.17"]
[SourceQuality "1"]

1. e4 e5 2. Nf3 Nc6 3. Bb5 a6 4. Ba4 Nf6 5. O-O Be7 6. Re1 b5 7. Bb3 O-O 8. h3
Bb7 9. d3 d5 10. exd5 Nxd5 {Tomahevsky had already employed this system
against Yu Yangyi last year, so it is unclear why Kamsky's opening wasn't
particularly well prepared. Despite the fact that the move 8.h3 is
specifically made with the idea of avoiding the Marshall, Black players have
found ways of sacrificing a pawn for counterplay anyways.} 11. a4 {unusual.
Taking the pawn is the main line and the critical continuation.} Nd4 12. Nbd2
Nxb3 13. Nxb3 Nb4 $1 {An interesting novelty that shows that Tomashevsky is
prepared in every variation. Karjakin had employed f6 previously with success,
but the engines insist this is a stronger move. Taking the pawn on e5 is
possible.} 14. axb5 Bxf3 15. gxf3 axb5 (15... Qd7 $5 16. bxa6 Qxh3 {looks
dangerous for White.}) 16. Rxa8 Qxa8 17. Rxe5 Bd6 18. Rxb5 {White is up two
pawns, but with his weak kingside and discoordinated pieces he must be very
careful against any kind of aggression.} Re8 (18... Nxc2 $5 19. Qxc2 Qxf3 {
is actually interesting, and its very likely the game ends in some sort of
perpetual.}) 19. Kg2 h6 {This is the point in which Kamsky maybe should have
tried to kick back some of Black's pieces.} 20. Nc5 (20. c3 $1 Nd5 21. Ra5 $1
Qb7 22. Nc5 {and White is in a better position than in the game.}) 20... Nd5
21. Ne4 Qc6 22. Nxd6 $6 (22. c4 $1 Nf4+ 23. Bxf4 Bxf4 24. Ng3 {White hasn't
fully consolidated but at least with the strong knight on g3 the defense on of
the kingside is much easier.}) 22... Qxd6 23. c4 c6 24. Rb3 Nf4+ 25. Bxf4 Qxf4
{Unlike the other variation we saw earlier, here White's king is completely
exposed and Black will have a draw by perpetual in many variations.} 26. d4
Qg5+ 27. Kf1 Qh5 28. Re3 $5 {Keeping the game alive. Black probably wouldn't
have had anything better than repetition had white protected his h3-pawn.}
Qxh3+ 29. Ke2 Rb8 30. Qc2 h5 $5 {Interestingly, this pawn becomes quite
dangerous even though it seemed non-threatening from h6.} 31. b3 $6 {A little
bit of a waste of tempo - but more important than that the weakening of the
second rank gives Black extra chances.} Ra8 32. d5 cxd5 33. cxd5 Qd7 34. Qd1
Ra6 35. b4 $6 (35. Qd4 $1 {stopping the pawn on the h-file and taking control
of a1 looks risky because of ...Ra2+, but it actually keeps the balance in the
position.}) 35... h4 $1 36. Qd4 $6 {Too late.} h3 $1 37. Kf1 {Kamsky thinks he
can stop the pawn... and he can, but at a huge price.} h2 38. Kg2 h1=Q+ $1 39.
Kxh1 {The h-pawn has vanished, but now White's king falls to a swift attack.}
Qh3+ 40. Kg1 Rg6+ {The game really turned in the time pressure in which Kamsky
greatly overestimated his chances. Tomashevsky shows great tenacity and
patience and was able to capitalize on Kamsky's time-pressure induced mistakes.
} 0-1

[Event "Sinquefield Cup 1st"]
[Site "Saint Louis"]
[Date "2013.09.09"]
[Round "1"]
[White "Carlsen, Magnus"]
[Black "Kamsky, Gata"]
[Result "1-0"]
[WhiteElo "2862"]
[BlackElo "2741"]
[Annotator "Ramirez Alvarez,A"]
[PlyCount "97"]
[EventDate "2013.09.09"]
[EventType "tourn"]
[EventRounds "6"]
[EventCountry "USA"]
[EventCategory "22"]
[SourceTitle "CBM 157"]
[Source "ChessBase"]
[SourceDate "2013.11.12"]
[SourceVersion "1"]
[SourceVersionDate "2013.11.12"]
[SourceQuality "1"]

1. Nf3 Nf6 2. c4 c6 3. d4 d5 4. Nc3 a6 5. e3 {An annoying move to face. There
are many other possibilities, but most importantly 5.c5!? is dangerous to
which Gata almost always replies 5...g6!?} Bf5 {A surprise! Other moves have
been tried in this idea. 5...b5 is a main idea while transposing to a
Semi-Slav with 5...e6 is also very popular.} 6. Bd3 (6. Qb3 b5 7. c5 a5 $1 8.
Ne5 a4 9. Qd1 g6 10. g4 Be6 11. h3 Bg7 {gave Black a fine position in the game
Tomashevsky-Ramirez, Tromso 2013.}) 6... Bxd3 7. Qxd3 e6 8. O-O Bb4 {Most
players had rejected this as a dubious idea. Magnus took a long time trying to
figure out how to get an advantage after this.} (8... Be7 {allowing} 9. e4 dxe4
10. Nxe4 Nxe4 11. Qxe4 Nd7 {is very possible and the main idea.}) 9. Bd2 Bxc3
10. Bxc3 O-O 11. a4 Nbd7 12. a5 Ne4 13. Bb4 Re8 14. Rac1 {White holds a very
slight advantage because his position has more space and its more obvious on
what exactly to do: mainly it is to remove the knight from f3 and push f3.} h5
$5 {Kamsky took a long time thinking about this move. Carlsen seemed to have a
confused look on his face when he saw it.} 15. Ne5 Qc7 (15... Nxe5 16. dxe5 {
strands the knight on e4, and could prove dangerous.}) 16. Nxd7 Qxd7 17. Qe2 (
17. f3 {was more direct, but its unclear how much advantage White will be able
to obtain.}) 17... Nf6 18. Rfd1 Qc7 19. h3 Rad8 20. b3 Rd7 {Black has enough
space to maneouver endlessly, so it's up to White to try to create something.}
21. Rc2 Qd8 22. Rcc1 h4 23. Be1 Ne4 24. Qg4 g5 $5 {Kamsky is in no mood to let
Carlsen slowly wrap his army around the weak h4-pawn. Instead he will create
space on the kingside and push back White's pieces. Kamsky was beginning to
fall dangerously low on the clock around this time.} 25. cxd5 f5 26. Qf3 cxd5 (
26... Rxd5 $5 {was also interesting, to retain the pawn on the c-file keeping
White's pieces out.}) 27. Rc2 Rg7 28. Rdc1 Nf6 (28... g4 $1 {was more to the
point, but Kamsky was running short on time.}) 29. Qd1 g4 30. f3 $1 {An
amazing move. Suddenly the counterattack on the weak h4-pawn is strong and
Black must decide exactly how to proceed with the kingside initiative, as if
it is mishandled White already enjoys the c-file and some strong positional
advantages.} gxh3 31. Bxh4 Kf7 $2 {Too optimistic} (31... hxg2 32. Qe1 Qe7 {
still gave some hope.}) 32. Qe1 $1 {Very powerful, White is nearly winning now.
} hxg2 {And now he definitely is with the following sequence.} 33. Rc7+ Re7 34.
Bxf6 Kxf6 35. Rc8 Qd6 36. Qh4+ Kf7 37. Qh5+ Rg6 38. f4 $1 {Most accurate.
Black is in a sort of zugzwang and his position will fall apart faster than
with the immediate Qh8.} Qa3 39. Qh8 Rg7 40. Qh5+ Rg6 41. Qh8 Rg7 42. Qf8+ Kg6
43. Kxg2 $1 {Slow but fatal: White's rook will swing into great effect.
Black's discovery check is no threat at all. From now on White must play
perfect to checkmate Black, but Carlsen does this with ease.} Rgf7 44. Qd8 Rh7
45. Rg1 Qa2+ 46. Kf3+ Kf6 47. Qg8 Rh3+ 48. Rg3 Rxg3+ 49. Qxg3 {And now Black
is completely defenseless against the threats.} 1-0

[Event "Sinquefield Cup 1st"]
[Site "Saint Louis"]
[Date "2013.09.11"]
[Round "3"]
[White "Kamsky, Gata"]
[Black "Aronian, Levon"]
[Result "1/2-1/2"]
[WhiteElo "2741"]
[BlackElo "2813"]
[Annotator "Ramirez Alvarez,A"]
[PlyCount "85"]
[EventDate "2013.09.09"]
[EventType "tourn"]
[EventRounds "6"]
[EventCountry "USA"]
[EventCategory "22"]
[SourceTitle "CBM 157"]
[Source "ChessBase"]
[SourceDate "2013.11.12"]
[SourceVersion "1"]
[SourceVersionDate "2013.11.12"]
[SourceQuality "1"]

1. d4 Nf6 2. Nf3 d5 3. c3 {A bizarre way of starting the game. This move
promises White no advantage, and at most he will get a reverse Slav in which
he has no problem developing his dark squared bishop. Interestingly Kamsky had
already used this in a few ocassions with good success.} c6 {Unambitious but
solid. Aronian won't be dragged into playing something risky for no reason and
is happy just equalizing with Black.} 4. Bf4 Nh5 $5 {Not letting the bishop
develop easily.} 5. Be3 $5 {An awkward placement for the bishop, but Kamsky's
idea is that it is not as awkward as the knight on h5.} (5. Bxb8 Rxb8) (5. Bg3
g6 6. Nbd2 Bg7 7. e3 Nd7 8. Bh4 h6 9. g4 {was interestingly a game between
Zugic-Nakmaura in which the much lower rated player managed to win in Montreal,
2008}) 5... g6 6. g3 Bg7 7. Bg2 O-O 8. Qc1 Nd7 9. Bh6 Re8 10. Bxg7 Kxg7 11. O-O
e5 {White has gotten rid of his awkward bishop, but Black has broken thorough
in the center. Chances are about even.} 12. dxe5 Nxe5 13. Nxe5 Rxe5 14. e3 Nf6
15. Nd2 a5 {A baffling move. In Kamsky's spirit, it is now Aronian that plays
a strange rook pawn move!} (15... Bg4 16. h3 (16. c4 $2 d4 {is the point.
Black is better as White doesn't have Nf3 in this position}) 16... Be2 17. Re1
Bd3 {was interesting.}) 16. c4 Re8 17. cxd5 Nxd5 18. a3 Kg8 19. Re1 Nf6 20. Qc3
Be6 {Neither side has played with any strong ambition, but somehow White's
position seems to be becoming slightly better move by move. The eventual power
of the bishop on g2 should not be underestimated, especially if coupled with a
knight that could come to c5.} 21. e4 Nd7 22. Rac1 f6 23. Nf3 a4 24. Nd4 Bf7
25. Red1 Qe7 26. h4 $5 {Switching gears a little. Now that Black has dedicated
all his defensive resources to preventing any queenside intiative, Kamsky
decides to open play in both sides. This decision might have been aided by the
fact that Kamsky was now significantly up on the clock.} Ne5 27. h5 Nc4 28. Bf1
Nd6 29. hxg6 hxg6 30. f3 Qe5 31. Kf2 Rad8 32. Qb4 f5 $1 {Aronian wastes no
time! Kamsky hasn't achieved much in his last moves and he sees it is the time
to strike.} 33. exf5 gxf5 (33... Qe3+ 34. Kg2 Nxf5 35. Nxf5 gxf5 {seemed
slightly more accurate as now White must somehow defend his position.}) 34. Qd2
{Although the knight on d4 can be dislodged, it proves to be a powerful
defensive piece on e2.} Qg7 35. Qc3 Qh6 36. Qd2 Qg7 37. Qc3 Bd5 {Aronian
refuses a three-fold repetition since he senses he is better.} 38. Ne2 Bb3 39.
Qxg7+ Kxg7 40. Rd4 Kf6 {With time pressure over, Kamsky is still slightly
worse, but it is a negligible edge that Black possesses.} 41. Rc5 Nb5 42. Rxd8
Rxd8 43. Ke3 {Black could try to play a knight to d5 and maybe push his
queenside pawns, but with correct play White should hold without too many
problems.} 1/2-1/2